| 000 | 00672nab a2200289Ia 4500 | ||
|---|---|---|---|
| 001 | 12686 | ||
| 008 | 191123s9999 xx 000 0 und d | ||
| 041 | _aspa | ||
| 100 | _aSahda, Domingo, | ||
| 500 | _arecorte periodístico | ||
| 650 | _aBOTTA, JULIO CESAR | ||
| 650 | _aLAPALMA, MARTIN, | ||
| 650 | _aPINTORES SANTAFESINOS | ||
| 650 | _aSTRADA, MARCELO | ||
| 902 | _aS | ||
| 903 | _aa | ||
| 904 | _aas | ||
| 907 | _aimpreso | ||
| 911 | _ailustrado | ||
| 920 | _a20-5-2011 | ||
| 942 | _cANALITICA | ||
| 999 |
_c10332 _d10332 |
||
| 490 | 0 | _aEl Litoral | |
| 245 | 0 | _a"Julio Cesar Botta, constructor de sueños" | |
| 550 | _ailustrado | ||
| 300 | _bilustrado | ||